Arctic Monkeys Lyrics - Batphone - Statistics

General Stats
  • This quiz has been taken 53 times
  • The average score is 174 of 251
Answer Stats
Lyrics % Correct
Batphone
94%
be
94%
I
94%
in
94%
the
94%
To
94%
to
94%
you
94%
You
94%
a
91%
I'll
91%
That
91%
that
91%
when
91%
by
88%
by,
88%
your
88%
an
84%
of
84%
want
84%
if
81%
need
81%
Through
81%
through
81%
get
78%
go
78%
it
78%
my
78%
this
78%
time
78%
all
75%
got
75%
into
75%
can
72%
describe
72%
device?
72%
Have
72%
have
72%
I'm
72%
interesting
72%
It's
72%
it's
72%
I've
72%
sucked
72%
synonym
72%
about
69%
beams
69%
called
69%
glow
69%
hole
69%
low
69%
night
69%
numerous
69%
They
69%
thing
69%
times
69%
told
69%
can't
66%
say
66%
Too
66%
and
63%
City
63%
fragrance
63%
grandfathered
63%
handheld
63%
last
63%
sell
63%
walls
63%
we're
63%
beams
59%
became
59%
been
59%
but
59%
credits
59%
door
59%
fact
59%
hold
59%
launch
59%
Life
59%
much
59%
over
59%
recognised
59%
re-decorated
59%
Since
59%
bought
56%
discuss)
56%
discuss
56%
from
56%
'Integrity'
56%
know
56%
Panoramic
56%
recall
56%
roll
56%
search
56%
selection,
56%
sport
56%
use
56%
will
56%
windows
56%
big
53%
engine
53%
looking
53%
opening
53%
soul
53%
spectator
53%
Trilogy
53%
(We've
53%
again,
50%
alright
50%
blinds
50%
down
50%
flashback
50%
Making
50%
now
50%
pass
50%
Tinsel
50%
tried
50%
usually
50%
wallpaper
50%
balls
47%
bucket
47%
changed
47%
fairly
47%
has
47%
side
47%
simplified
47%
They've
47%
Vengeance
47%
across
44%
like
44%
opaque
44%
process
44%
shoes
44%
Thankfully,
44%
youth
44%
dive
41%
flying
41%
memory
41%
nose
41%
room
41%
Vehicles
41%
lights
38%
out
38%
Right
38%
ahold
34%
bar's
34%
behind
34%
closed
34%
Flamingos,
34%
Pink
34%
computer
31%
eyes
31%
Killer
28%
sitting
28%
controlled
19%
No matching quizzes found
Score Distribution
Percent of People with Each Score
Percentile by Number Answered
Your Score History
You have not taken this quiz